MARC details
| 000 -LEADER |
| campo de control de longitud fija |
01542nam a22002177a 4500 |
| 001 - NÚMERO DE CONTROL |
| campo de control |
85853 |
| 005 - FECHA Y HORA DE LA ÚLTIMA TRANSACCIÓN |
| campo de control |
20260429154639.0 |
| 008 - DATOS DE LONGITUD FIJA--INFORMACIÓN GENERAL |
| campo de control de longitud fija |
260429s2023 sp ||||| |||| 00| 0 spa d |
| 040 ## - FUENTE DE CATALOGACIÓN |
| Centro catalogador/agencia de origen |
M-RABA |
| Lengua de catalogación |
spa |
| Centro/agencia transcriptor |
M-RABA |
| 245 05 - MENCIÓN DEL TÍTULO |
| Título |
En el centenario de El Retablo de Maese Pedro |
| Resto del título |
: Scherzo |
| Mención de responsabilidad, etc. |
/ Festival de Granada; Fundación Archivo Manuel de Falla. |
| 260 ## - PUBLICACIÓN, DISTRIBUCIÓN, ETC. |
| Lugar de publicación, distribución, etc. |
Granada |
| Nombre del editor, distribuidor, etc. |
: Festival de Granada |
| -- |
: Fundación Archivo Manuel de Falla |
| Fecha de publicación, distribución, etc. |
, 2023 |
| 300 ## - DESCRIPCIÓN FÍSICA |
| Extensión |
16 p. |
| Dimensiones |
; 30 cm |
| 500 00 - NOTA GENERAL |
| Nota general |
Esta publicación ha sido realizada con motivo de la celebración del centenario de El retablo de Maese Pedro en el marco del 72 Festival de Música y Danza de Granada, en colaboración con el Archivo Manuel de Falla. Se trata de una separata del dosier publicado en marzo de 2023 en el nº393 de la revista Scherzo. |
| 505 ## - NOTA DE CONTENIDO CON FORMATO |
| Nota de contenido con formato |
Contiene: Cien años de El Retablo de Maese Pedro / José Ramón Encinar. Un Quijote inagotable para Falla: lecturas y recreaciones del mito literario / Elena Torres Clemente. El retablo, poesía y deshumanización del arte / Jorge de Persia. Títeres en las representaciones de El Retablo de Maese Pedro / Adolfo Ayuso. La recepción de El retablo en las vanguardias europeas del siglo XX / Paolo Pinamonti. |
| 600 14 - PUNTO DE ACCESO ADICIONAL DE MATERIA--NOMBRE DE PERSONA |
| Nombre de persona |
Falla, Manuel de ( |
| Fechas asociadas al nombre |
1876-1946). |
| Título de la obra |
El retablo de maese Pedro |
| 9 (RLIN) |
65552 |
| 600 17 - PUNTO DE ACCESO ADICIONAL DE MATERIA--NOMBRE DE PERSONA |
| Nombre de persona |
Don Quijote de la Mancha en la música |
| 9 (RLIN) |
69125 |
| 710 2# - ENTRADA AGREGADA--NOMBRE DE ENTIDAD CORPORATIVA |
| Nombre de entidad corporativa o nombre de jurisdicción como elemento de entrada |
Archivo Manuel de Falla ( |
| Sede del congreso/Lugar de la reunión |
Granada) |
| 9 (RLIN) |
6159 |
| 710 ## - ENTRADA AGREGADA--NOMBRE DE ENTIDAD CORPORATIVA |
| Nombre de entidad corporativa o nombre de jurisdicción como elemento de entrada |
FESTIVAL INTERNACIONAL DE MÚSICA Y DANZA DE GRANADA |
| 9 (RLIN) |
94970 |
| 852 ## - LOCALIZACIÓN |
| Número de control de estantería |
F-16122 |
| 942 ## - ELEMENTOS DE ENTRADA SECUNDARIOS (KOHA) |
| Tipo de ítem Koha |
Fondo moderno |
| Suprimir en OPAC |
No |